Bệnh sinh sản gia súc

Đã lưu trong:
Sonraí Bibleagrafaíochta
Príomhúdar: Nguyễn, Hữu Ninh
Formáid: Leabhar
Teanga:Undetermined
Foilsithe: Hà Nội Nông Nghiệp 2001
Ábhair:
Clibeanna: Cuir Clib Leis
Gan Chlibeanna, Bí ar an gcéad duine leis an taifead seo a chlibeáil!
Thư viện lưu trữ: Trung tâm Học liệu Trường Đại học Cần Thơ
LEADER 00504nam a2200169Ia 4500
001 CTU_51348
008 210402s9999 xx 000 0 und d
082 |a 636.08926 
082 |b N312 
100 |a Nguyễn, Hữu Ninh 
245 0 |a Bệnh sinh sản gia súc 
245 0 |c Nguyễn Hữu Ninh và Bạch Đăng Phong 
260 |a Hà Nội 
260 |b Nông Nghiệp 
260 |c 2001 
650 |a Veterinary medicine 
980 |a Trung tâm Học liệu Trường Đại học Cần Thơ